[Event "Ïåðâåíñòâî Ìîñêâû ïî øàõìàòàì 2015 ñðåäè"]
[Site "Moscow"]
[Date "2015.11.20"]
[Round "9.1"]
[White "Ìàêàðÿí, Ðóäèê."]
[Black "Ïîãîñÿí, Ñòåôàí."]
[Result "0-1"]
[WhiteElo "1988"]
[BlackElo "2057"]
[PlyCount "86"]
[EventDate "2015.11.12"]

1. d4 Nf6 2. c4 c5 3. dxc5 Qa5+ 4. Nc3 Qxc5 5. e4 d6 6. Be3 Qa5 7. f3 g6 8. Bd3
Bg7 9. Nge2 Nbd7 10. O-O Ne5 11. Nd5 Nxd5 12. cxd5 Bd7 13. Nd4 Nxd3 14. Qxd3
O-O 15. a3 Rfc8 16. Rfc1 a6 17. Qb3 Rxc1+ 18. Rxc1 Rc8 19. Rxc8+ Bxc8 20. Qc3
Qxc3 21. bxc3 Kf8 22. Kf1 e6 23. Ke2 Ke7 24. Kd3 exd5 25. exd5 h5 26. Kc4 b5+
27. Kb4 Bb7 28. c4 bxc4 29. Kxc4 Kd7 30. Nc2 Be5 31. g3 Kc7 32. Bd2 Kb6 33. f4
Bf6 34. Be3+ Ka5 35. Bd2+ Ka4 36. Bb4 Be7 37. Nd4 a5 38. Nc6 Ba6+ 39. Kd4 Bf6+
40. Ne5 axb4 41. axb4 Kxb4 42. Ke4 dxe5 43. fxe5 Bd8 0-1

[Event "Ïåðâåíñòâî Ìîñêâû ïî øàõìàòàì 2015 ñðåäè"]
[Site "Moscow"]
[Date "2015.11.20"]
[Round "9.2"]
[White "Òàðàñîâ, Äàíèëà."]
[Black "Àãàáåêîâ, Ñàâåëèé."]
[Result "1/2-1/2"]
[WhiteElo "1893"]
[BlackElo "1502"]
[PlyCount "83"]
[EventDate "2015.11.12"]

1. e4 c6 2. d4 d5 3. Nc3 dxe4 4. Nxe4 Bf5 5. Ng3 Bg6 6. h4 h6 7. Nh3 e6 8. Nf4
Bh7 9. Bd3 Bxd3 10. Qxd3 Nf6 11. Bd2 Bd6 12. O-O-O Nbd7 13. Nfh5 Bxg3 14. Nxg3
Qc7 15. Rhe1 O-O-O 16. Qa3 b6 17. Ne2 e5 18. dxe5 Nxe5 19. Bf4 Rhe8 20. Rxd8+
Kxd8 21. Rd1+ Kc8 22. Qh3+ Kb7 23. g3 Qc8 24. Qf1 Qe6 25. Nc3 Nd5 26. Nxd5 cxd5
27. Qb5 Rd8 28. Qb3 Nc4 29. Qf3 f6 30. b3 Ne5 31. Qe3 g5 32. hxg5 hxg5 33. Bxe5
Qxe5 34. Qxe5 fxe5 35. Re1 e4 36. Kd2 Kc6 37. Rh1 Rf8 38. Ke2 Rf6 39. Rh7 a5
40. Rg7 Rf5 41. a4 d4 42. Re7 1/2-1/2

[Event "Ïåðâåíñòâî Ìîñêâû ïî øàõìàòàì 2015 ñðåäè"]
[Site "Moscow"]
[Date "2015.11.20"]
[Round "9.3"]
[White "Ðóñòàìîâ, Ñåçãèí."]
[Black "Ïðèâàëîâ, Èãîðü."]
[Result "1/2-1/2"]
[WhiteElo "1351"]
[BlackElo "2011"]
[PlyCount "137"]
[EventDate "2015.11.12"]

1. d4 Nf6 2. c4 g6 3. Nc3 Bg7 4. g3 O-O 5. Bg2 d6 6. Nf3 Nbd7 7. O-O e5 8. e4
a6 9. a4 a5 10. dxe5 dxe5 11. h3 c6 12. Qc2 Qc7 13. Be3 b6 14. Rfd1 Ba6 15. Bf1
Rfd8 16. Rd2 Bf8 17. b3 Bb4 18. Bg5 h6 19. Rxd7 Nxd7 20. Bxd8 Rxd8 21. Rd1 Nc5
22. Rxd8+ Qxd8 23. Na2 Qf6 24. Nxb4 axb4 25. Kg2 Bc8 26. Be2 Qe6 27. h4 Qd6 28.
Qd2 Qxd2 29. Nxd2 Ne6 30. Bg4 Bd7 31. Bxe6 Bxe6 32. Kf1 Kf8 33. Ke2 Ke7 34. Ke3
Kd6 35. Nf3 b5 36. axb5 cxb5 37. cxb5 Bxb3 38. b6 f6 39. Ne1 Kc6 40. Nd3 Kxb6
41. Nxb4 Kb5 42. Nd3 Bc2 43. Ne1 Bb1 44. f4 Kc5 45. fxe5 fxe5 46. Nf3 Kd6 47.
Nd2 Ba2 48. Kd3 Ke6 49. Kc3 Kf6 50. Kd3 g5 51. Ke3 Be6 52. Kf3 Kg6 53. hxg5
Kxg5 54. Nf1 Bg4+ 55. Kg2 h5 56. Nd2 Kf6 57. Nc4 Ke6 58. Kf2 Bd1 59. Ne3 Ba4
60. Nf5 Bc2 61. Ng7+ Kf7 62. Nxh5 Bxe4 63. g4 Kg6 64. Ng3 Bc2 65. Ke3 Kg5 66.
Ne4+ Kxg4 67. Nf6+ Kf5 68. Nd7 e4 69. Nc5 1/2-1/2

[Event "Ïåðâåíñòâî Ìîñêâû ïî øàõìàòàì 2015 ñðåäè"]
[Site "Moscow"]
[Date "2015.11.20"]
[Round "9.4"]
[White "Ìèøóðèñ, Ìàòâåé."]
[Black "Ïîëÿêîâ, Àíòîí."]
[Result "0-1"]
[WhiteElo "1693"]
[BlackElo "1797"]
[PlyCount "116"]
[EventDate "2015.11.12"]

1. c4 e6 2. Nc3 d5 3. cxd5 exd5 4. d4 Nf6 5. Nf3 c6 6. g3 Bd6 7. Bg2 O-O 8. O-O
Bf5 9. a3 Nbd7 10. b4 a6 11. Bb2 Ne4 12. Nxe4 Bxe4 13. Nd2 Bxg2 14. Kxg2 Re8
15. Re1 Nf6 16. Qc2 Qe7 17. Nb3 Ng4 18. e3 Qg5 19. Qd2 Qh5 20. h3 Nf6 21. Nc5
Bxc5 22. dxc5 Ne4 23. Qe2 Qf5 24. f3 Ng5 25. g4 Qg6 26. h4 Ne6 27. Qf2 h5 28.
g5 f6 29. f4 Qe4+ 30. Kh2 fxg5 31. hxg5 Rf8 32. Qg2 Qxg2+ 33. Kxg2 d4 34. exd4
Nxf4+ 35. Kh2 Nd3 36. Re2 Nxb2 37. Rxb2 Rf4 38. Rd2 Rd8 39. Rad1 Rh4+ 40. Kg3
Rg4+ 41. Kh3 Rxg5 42. Kh4 Rgd5 43. Rd3 Kh7 44. R1d2 Kh6 45. Kh3 R8d7 46. Rd1 g5
47. R1d2 Kg6 48. Rd1 Re7 49. Rf1 Re4 50. Rfd1 h4 51. R1d2 Kh5 52. Kg2 g4 53.
Kh2 Kg5 54. Kg2 Rf4 55. Rd1 Kf5 56. R1d2 Ke4 57. Rd1 Rf3 58. R3d2 Rxa3 0-1

[Event "Ïåðâåíñòâî Ìîñêâû ïî øàõìàòàì 2015 ñðåäè"]
[Site "Moscow"]
[Date "2015.11.20"]
[Round "9.6"]
[White "Èâëåâ, Àëåêñàíäð."]
[Black "Æóêîâ, Àíòîí."]
[Result "0-1"]
[WhiteElo "1588"]
[BlackElo "1771"]
[PlyCount "66"]
[EventDate "2015.11.12"]

1. c4 f5 2. Nc3 Nf6 3. g3 g6 4. Bg2 Bg7 5. e3 d6 6. d4 c6 7. Nge2 O-O 8. O-O e5
9. dxe5 dxe5 10. Qb3 Qe7 11. Qc2 Na6 12. b3 e4 13. Rd1 Nb4 14. Qb1 Nd3 15. Nf4
Nxc1 16. Qxc1 Ng4 17. Qc2 Ne5 18. h4 h6 19. Rd2 Qf7 20. Rb1 g5 21. hxg5 hxg5
22. Nh3 Qh5 23. Kf1 Nf3 24. Rd6 Be5 25. Rdd1 g4 26. Nf4 Bxf4 27. exf4 Be6 28.
Ne2 Rad8 29. Rxd8 Rxd8 30. Rd1 Qe8 31. a4 Kf7 32. Bxf3 exf3 33. Nc3 Qh8 0-1

[Event "Ïåðâåíñòâî Ìîñêâû ïî øàõìàòàì 2015 ñðåäè"]
[Site "Moscow"]
[Date "2015.11.20"]
[Round "9.7"]
[White "Äóäèí, Ãëåá."]
[Black "×èêîâàíè, Äàâèä."]
[Result "1/2-1/2"]
[WhiteElo "1776"]
[BlackElo "1642"]
[PlyCount "80"]
[EventDate "2015.11.12"]

1. d4 d5 2. c4 e6 3. Nc3 Nf6 4. Nf3 Be7 5. Bf4 O-O 6. e3 b6 7. Bd3 Bb7 8. O-O
Nbd7 9. cxd5 exd5 10. Qe2 c5 11. Rfd1 a6 12. Ne5 c4 13. Bc2 b5 14. a3 Qb6 15.
Bf5 Rad8 16. Bg5 Rfe8 17. f4 a5 18. Qf3 b4 19. Ne2 g6 20. Bxd7 Nxd7 21. Bxe7
Rxe7 22. Rab1 Nf6 23. g4 Ne4 24. g5 Bc8 25. Ng3 c3 26. Nxe4 dxe4 27. Qf2 Rc7
28. bxc3 Rxc3 29. axb4 axb4 30. Qd2 Qa5 31. Ra1 Qc7 32. Rdc1 Be6 33. Rxc3 bxc3
34. Qc2 Rc8 35. Ra3 Kg7 36. Kf2 Kg8 37. Kg1 Kg7 38. Kf2 Kg8 39. Kg1 Kg7 40. Kf2
Kg8 1/2-1/2

[Event "Ïåðâåíñòâî Ìîñêâû ïî øàõìàòàì 2015 ñðåäè"]
[Site "Moscow"]
[Date "2015.11.20"]
[Round "9.8"]
[White "Çàêèðîâ, Àðòóð."]
[Black "Ìàõëèí, Ìèðîí."]
[Result "1-0"]
[WhiteElo "1648"]
[BlackElo "1726"]
[PlyCount "81"]
[EventDate "2015.11.12"]

1. e4 c6 2. d4 d5 3. Nc3 dxe4 4. Nxe4 Bf5 5. Ng3 Bg6 6. Nf3 Nd7 7. Bd3 Ngf6 8.
O-O e6 9. b3 Bd6 10. Re1 Qc7 11. Bb2 O-O-O 12. c4 Bxd3 13. Qxd3 h5 14. Ne4 Nxe4
15. Qxe4 Nf6 16. Qc2 Rdg8 17. c5 Bf4 18. b4 Nd5 19. Qb3 g5 20. g3 g4 21. Ne5
Bd2 22. Re2 Bxb4 23. Nc4 Kb8 24. Rc1 Rc8 25. Rec2 Qd8 26. Rb1 b5 27. Nd6 Rc7
28. a4 a6 29. axb5 axb5 30. Ba3 Bxa3 31. Qxa3 Ra7 32. Qd3 b4 33. Rcb2 Qa5 34.
Nc4 Qb5 35. Qe4 Rc7 36. Nb6 Rd8 37. Nxd5 cxd5 38. Qf4 Qe8 39. Rxb4+ Kc8 40.
Rb8+ Kd7 41. Qd6# 1-0

[Event "Ïåðâåíñòâî Ìîñêâû ïî øàõìàòàì 2015 ñðåäè"]
[Site "Moscow"]
[Date "2015.11.20"]
[Round "9.9"]
[White "Àí÷èêîâ, Âëàäèìèð."]
[Black "Àõìåòøèí, Àëåêñàíäð."]
[Result "1/2-1/2"]
[WhiteElo "1691"]
[BlackElo "1617"]
[PlyCount "86"]
[EventDate "2015.11.12"]

1. d4 Nf6 2. c4 g6 3. Nf3 Bg7 4. g3 O-O 5. Bg2 d6 6. Nc3 Nc6 7. O-O a6 8. b3
Rb8 9. Nd5 Nh5 10. e4 e6 11. Nc3 e5 12. dxe5 dxe5 13. Bb2 Be6 14. Rc1 b5 15.
cxb5 axb5 16. Qxd8 Rfxd8 17. Nxb5 Rxb5 18. Rxc6 Ra8 19. Ra1 Ra7 20. Bf1 Rba5
21. Kg2 Rxa2 22. Rxa2 Rxa2 23. Bxe5 Bxe5 24. Nxe5 Bxb3 25. Bc4 Bxc4 26. Rxc4
Ra7 27. Nc6 Rb7 28. Ne7+ Kg7 29. Nd5 c5 30. Rxc5 Nf6 31. Nxf6 Kxf6 32. g4 h6
33. h4 g5 34. Rf5+ Kg6 35. h5+ Kg7 36. Kg3 Rb3+ 37. Rf3 Rxf3+ 38. Kxf3 Kf6 39.
Ke2 Ke6 40. Kd3 f6 41. Kc3 Ke7 42. Kd3 Kd7 43. Ke3 Ke7 1/2-1/2

[Event "Ïåðâåíñòâî Ìîñêâû ïî øàõìàòàì 2015 ñðåäè"]
[Site "Moscow"]
[Date "2015.11.20"]
[Round "9.11"]
[White "Òèøêèí, Áîðèñ."]
[Black "×åðâîíåíêèñ, Áîðèñ."]
[Result "0-1"]
[WhiteElo "1390"]
[BlackElo "1766"]
[PlyCount "94"]
[EventDate "2015.11.12"]

1. d4 d5 2. c4 c6 3. Nc3 Nf6 4. Nf3 dxc4 5. e4 b5 6. e5 Nd5 7. Nxd5 cxd5 8. b3
e6 9. bxc4 bxc4 10. Bd2 Be7 11. Qc2 Nc6 12. Rb1 O-O 13. h4 f5 14. Qc3 Bd7 15.
Bg5 Bxg5 16. hxg5 Qa5 17. Qxa5 Nxa5 18. Kd2 Rab8 19. Be2 Ba4 20. Kc3 Nc6 21.
Nh4 a5 22. g4 g6 23. gxf5 gxf5 24. a3 Na7 25. g6 h6 26. g7 Kxg7 27. Rbg1+ Kh7
28. Rg6 Nb5+ 29. Kd2 Nxd4 30. Ke3 Nxe2 31. Kxe2 Rbe8 32. Rb1 Bb3 33. Ke3 Rg8
34. Rf6 Rg4 35. Nf3 Kg7 36. Rh1 Rg6 37. Rg1 Rxg1 38. Nxg1 Re7 39. f4 Ba4 40.
Ne2 Bd7 41. Nd4 h5 42. Kf3 Kh7 43. Ke2 Kg7 44. Kf2 Re8 45. Kg3 Rc8 46. Nxe6+
Bxe6 47. Rxe6 c3 0-1

[Event "Ïåðâåíñòâî Ìîñêâû ïî øàõìàòàì 2015 ñðåäè"]
[Site "Moscow"]
[Date "2015.11.20"]
[Round "9.12"]
[White "Áåëèêîâ, Ñåìåí."]
[Black "Äìèòðèåâ, Ëåîíèä."]
[Result "1-0"]
[WhiteElo "1724"]
[BlackElo "1475"]
[PlyCount "81"]
[EventDate "2015.11.12"]

1. e4 e5 2. Nf3 Nc6 3. Bc4 Bc5 4. c3 Nf6 5. d4 exd4 6. cxd4 Bb4+ 7. Nc3 Nxe4 8.
O-O Bxc3 9. d5 Ne5 10. Nxe5 Bxe5 11. Re1 Bxh2+ 12. Kf1 O-O 13. Rxe4 Re8 14. Bg5
f6 15. d6+ Kh8 16. Qe2 Rxe4 17. Qxe4 cxd6 18. Re1 Be5 19. Bc1 g5 20. Bd5 Qe8
21. g4 Qg6 22. Kg2 Qxe4+ 23. Rxe4 Rb8 24. Ra4 a6 25. Rc4 b6 26. Rc7 Bd4 27. Be3
Bxe3 28. fxe3 Kg7 29. b4 Kf8 30. Kf3 Ke7 31. Ra7 f5 32. gxf5 h5 33. Kg3 Kf6 34.
e4 Ke5 35. Kf3 Kd4 36. f6 Bb7 37. Rxb7 Rf8 38. f7 Ke5 39. Rxd7 Kf6 40. Rxd6+
Kg7 41. e5 1-0

[Event "Ïåðâåíñòâî Ìîñêâû ïî øàõìàòàì 2015 ñðåäè"]
[Site "Moscow"]
[Date "2015.11.20"]
[Round "9.13"]
[White "Ïëàêñèí, Èãîðü."]
[Black "Ëóêüÿíåíêî, Àðòåìèé."]
[Result "1/2-1/2"]
[WhiteElo "1516"]
[BlackElo "1711"]
[PlyCount "80"]
[EventDate "2015.11.12"]

1. e4 d6 2. d4 Nf6 3. Nc3 g6 4. Nf3 Bg7 5. Be2 O-O 6. O-O c6 7. Be3 Qc7 8. h3
Nbd7 9. Qd2 Re8 10. Rad1 e5 11. dxe5 dxe5 12. a4 a5 13. Bc4 Nf8 14. Bc5 N6d7
15. Bd6 Qb6 16. Ng5 Ne6 17. Nxe6 fxe6 18. b3 Qa7 19. Qe2 b6 20. Rfe1 Bf8 21.
Bxf8 Kxf8 22. Rd6 Nb8 23. Red1 Qe7 24. Qe3 Qc7 25. f4 Qg7 26. Rf1 Kg8 27. f5
Qf8 28. Bxe6+ Bxe6 29. Rxe6 Rxe6 30. fxe6 Qc5 31. Qxc5 bxc5 32. Nb1 Na6 33. Nd2
Nb4 34. Nc4 Nxc2 35. Nxe5 Nd4 36. e7 Re8 37. Rf6 Rxe7 38. Nxc6 Rxe4 39. Nxa5
Ne2+ 40. Kf2 Nd4 1/2-1/2

[Event "Ïåðâåíñòâî Ìîñêâû ïî øàõìàòàì 2015 ñðåäè"]
[Site "Moscow"]
[Date "2015.11.20"]
[Round "9.14"]
[White "Âäîâèí, Ãåîðãèé."]
[Black "Çàéöåâ, Þðèé."]
[Result "1/2-1/2"]
[WhiteElo "1640"]
[BlackElo "1554"]
[PlyCount "120"]
[EventDate "2015.11.12"]

1. d4 Nf6 2. Nf3 g6 3. Bf4 Bg7 4. e3 d6 5. Be2 O-O 6. O-O Nh5 7. Bg5 h6 8. Bh4
g5 9. Nfd2 Nf6 10. Bg3 Nbd7 11. c4 c5 12. d5 Ne8 13. Qc2 f5 14. f4 Ndf6 15. Nc3
g4 16. Bd3 Nh5 17. Rae1 Nxg3 18. hxg3 e6 19. e4 Bd4+ 20. Kh2 Nc7 21. Ne2 fxe4
22. Bxe4 exd5 23. Nxd4 dxe4 24. N4b3 b6 25. Nxe4 Bb7 26. Nc3 Qf6 27. Qe2 h5 28.
Qe7 Qxe7 29. Rxe7 Rf7 30. Rfe1 d5 31. cxd5 Bxd5 32. Nxd5 Nxd5 33. Rxf7 Kxf7 34.
Re5 Nf6 35. Kg1 Re8 36. Rxe8 Kxe8 37. Nd2 Kd7 38. Kf2 Ke6 39. Ke3 Kd5 40. Kd3
b5 41. b3 a5 42. a4 Kc6 43. Ne4 c4+ 44. bxc4 bxc4+ 45. Kd4 Nd5 46. Kxc4 Nb6+
47. Kb3 Nd5 48. f5 Ne3 49. f6 Kd7 50. Kc3 Nxg2 51. Kc4 h4 52. gxh4 Nxh4 53. Kd5
Ng6 54. Nc5+ Ke8 55. Ne4 Nf4+ 56. Ke5 Ne2 57. Ke6 g3 58. f7+ Kf8 59. Kf6 Nc3
60. Nxg3 Ne4+ 1/2-1/2

[Event "Ïåðâåíñòâî Ìîñêâû ïî øàõìàòàì 2015 ñðåäè"]
[Site "Moscow"]
[Date "2015.11.20"]
[Round "9.15"]
[White "Öûìáàë, Åâãåíèé."]
[Black "Èâàíîâ, Ñòåïàí."]
[Result "1-0"]
[WhiteElo "1628"]
[BlackElo "1381"]
[PlyCount "58"]
[EventDate "2015.11.12"]

1. d4 Nf6 2. c4 c5 3. d5 b5 4. b3 d6 5. Nc3 bxc4 6. bxc4 g6 7. Qc2 Bg7 8. Rb1
O-O 9. e4 Na6 10. a3 Bd7 11. Bd3 Qa5 12. Nge2 Rab8 13. Rxb8 Rxb8 14. O-O Nc7
15. Qa2 Ng4 16. Bd2 Ne5 17. Nb5 Qb6 18. Nxc7 Qxc7 19. Nc1 Ba4 20. Bc2 Qd7 21.
Nb3 Bxb3 22. Bxb3 Nxc4 23. Bxc4 Rb2 24. Rb1 Rxa2 25. Rb8+ Bf8 26. Bh6 Ra1+ 27.
Bf1 Rxf1+ 28. Kxf1 Qb5+ 29. Rxb5 Bxh6 1-0

[Event "Ïåðâåíñòâî Ìîñêâû ïî øàõìàòàì 2015 ñðåäè"]
[Site "Moscow"]
[Date "2015.11.20"]
[Round "9.16"]
[White "Áîãåð, Þðèé."]
[Black "Î÷èðîâ, Ëèäæè."]
[Result "0-1"]
[WhiteElo "1321"]
[BlackElo "1605"]
[PlyCount "87"]
[EventDate "2015.11.12"]

1. e4 e5 2. Nf3 d6 3. d4 Nd7 4. dxe5 dxe5 5. Bc4 c6 6. c3 b5 7. Bb3 Be7 8. Be3
Ngf6 9. Bc2 O-O 10. O-O Qc7 11. Qe2 Nc5 12. Bxc5 Bxc5 13. b4 Be7 14. a4 a6 15.
axb5 cxb5 16. Rd1 Bb7 17. h3 Rac8 18. Ra3 Bxb4 19. cxb4 Qxc2 20. Qxc2 Rxc2 21.
Nxe5 Nxe4 22. f3 Nf6 23. Rc3 Re2 24. Nc6 Rfe8 25. Kf1 h6 26. Na5 Ba8 27. Nb3
Nd5 28. Rcd3 Rb2 29. Kg1 Nxb4 30. Rd8 Rxd8 31. Rxd8+ Kh7 32. N3d2 Bd5 33. Rd7
a5 34. Kf2 a4 35. Ke3 Be6 36. Rb7 Nd5+ 37. Ke2 b4 38. Kd1 a3 39. Nxa3 bxa3 40.
Rxb2 axb2 41. g4 Nc3+ 42. Kc2 b1=Q+ 43. Nxb1 Nxb1 44. Kxb1 0-1

[Event "Ïåðâåíñòâî Ìîñêâû ïî øàõìàòàì 2015 ñðåäè"]
[Site "Moscow"]
[Date "2015.11.20"]
[Round "9.17"]
[White "Ìèíüêî, Äìèòðèé."]
[Black "Èâàíîâ, Èëüÿ."]
[Result "1-0"]
[WhiteElo "1903"]
[BlackElo "1544"]
[PlyCount "57"]
[EventDate "2015.11.12"]

1. e4 e6 2. d4 d5 3. Nc3 Bb4 4. e5 Ne7 5. a3 Bxc3+ 6. bxc3 c5 7. Nf3 b6 8. Bb5+
Bd7 9. Bd3 h6 10. a4 Bc6 11. O-O Qd7 12. a5 c4 13. Be2 Ba4 14. Ba3 b5 15. Nh4
Nbc6 16. Bb4 O-O-O 17. Qd2 g5 18. Nf3 Ng6 19. Rfb1 Qc7 20. Bd6 Qxa5 21. Ra3
Nce7 22. Qc1 Nf5 23. Bc5 Rd7 24. g4 Nfe7 25. Qb2 Rb7 26. Rxa4 Qxa4 27. Ra1
Qxa1+ 28. Qxa1 a5 29. Qa3 1-0

[Event "Ïåðâåíñòâî Ìîñêâû ïî øàõìàòàì 2015 ñðåäè"]
[Site "Moscow"]
[Date "2015.11.20"]
[Round "9.18"]
[White "Ñóááîòèí, Ìóðàò."]
[Black "Äóíàåâ, Äåíèñ."]
[Result "1-0"]
[WhiteElo "1862"]
[BlackElo "1594"]
[PlyCount "87"]
[EventDate "2015.11.12"]

1. e4 e6 2. d3 d5 3. Nd2 c5 4. Ngf3 Nc6 5. g3 Nf6 6. Bg2 g6 7. O-O Bg7 8. Re1
O-O 9. c3 a5 10. Qc2 b6 11. Nf1 Ba6 12. Bg5 Qc7 13. h4 h5 14. Qd2 Kh7 15. Rad1
dxe4 16. dxe4 Rad8 17. Qc2 Rxd1 18. Rxd1 Ng4 19. Ne3 Nxe3 20. Bxe3 Rd8 21. Bf1
Bxf1 22. Kxf1 Rd7 23. Rxd7 Qxd7 24. Qd2 Qxd2 25. Nxd2 Ne5 26. f4 Nd7 27. Nc4 a4
28. Ke2 Kg8 29. Kd3 Kf8 30. Nxb6 Nxb6 31. Bxc5+ Ke8 32. Bxb6 Kd7 33. Bd4 Bf8
34. Kc4 a3 35. b4 Kc6 36. Kb3 Kb5 37. c4+ Kc6 38. Kxa3 f5 39. e5 Be7 40. Kb3
Bf8 41. a4 Be7 42. b5+ Kb7 43. a5 Ka8 44. a6 1-0

[Event "Ïåðâåíñòâî Ìîñêâû ïî øàõìàòàì 2015 ñðåäè"]
[Site "Moscow"]
[Date "2015.11.20"]
[Round "9.19"]
[White "Ùåðáàêîâ, Ìèõàèë."]
[Black "Ñîëîâüåâ, Âëàäèñëàâ."]
[Result "1-0"]
[WhiteElo "1485"]
[BlackElo "1692"]
[PlyCount "87"]
[EventDate "2015.11.12"]

1. e4 c5 2. Nf3 Nc6 3. d4 cxd4 4. Nxd4 g6 5. Nc3 Bg7 6. Be3 Nf6 7. Bc4 O-O 8.
O-O Nxe4 9. Nxe4 d5 10. Nxc6 bxc6 11. Nc3 dxc4 12. Qe1 Bf5 13. Rc1 Qc7 14. b3
cxb3 15. axb3 Rfd8 16. Ne2 Bb2 17. Rd1 Be5 18. Rxd8+ Rxd8 19. f4 Bg7 20. Qc1 e5
21. Ng3 Bg4 22. h3 exf4 23. Bxf4 Qb6+ 24. Kh1 Be6 25. Bg5 Rd5 26. Ne4 Rf5 27.
Nf6+ Kh8 28. Rxf5 Bxf5 29. Qe1 Be6 30. Qh4 h5 31. g4 Qd4 32. gxh5 Qd1+ 33. Kg2
Qxc2+ 34. Kg1 Qd1+ 35. Kf2 gxh5 36. Nxh5 Bd4+ 37. Kg3 Qe1+ 38. Kf3 Qf1+ 39. Ke4
Qf2 40. Bf6+ Kg8 41. Qg5+ Kf8 42. Qg7+ Ke8 43. Qg8+ Kd7 44. Qd8# 1-0

[Event "Ïåðâåíñòâî Ìîñêâû ïî øàõìàòàì 2015 ñðåäè"]
[Site "Moscow"]
[Date "2015.11.20"]
[Round "9.20"]
[White "Ìàêñèìåíêî, Àðñåíèé."]
[Black "Êàðëîâ, Åãîð."]
[Result "1-0"]
[WhiteElo "1451"]
[BlackElo "1681"]
[PlyCount "79"]
[EventDate "2015.11.12"]

1. e4 e6 2. d4 d5 3. Nd2 a6 4. Ngf3 c5 5. c3 Nc6 6. Be2 cxd4 7. cxd4 dxe4 8.
Nxe4 Nf6 9. Nxf6+ Qxf6 10. Bg5 Bb4+ 11. Bd2 Bxd2+ 12. Qxd2 O-O 13. Qc3 Rd8 14.
Rd1 Ne7 15. O-O Nd5 16. Qc2 Bd7 17. Ne5 Rac8 18. Qb3 Rc7 19. Rc1 Rxc1 20. Rxc1
Rc8 21. Rxc8+ Bxc8 22. Bf3 Qd8 23. h3 h6 24. Bh5 g6 25. Qg3 Qf6 26. Bf3 Kg7 27.
Qg4 h5 28. Qe4 Nb4 29. a3 Nd5 30. Qc2 Qd8 31. Qc5 b6 32. Qc6 a5 33. Nc4 Bd7 34.
Qd6 b5 35. Bxd5 exd5 36. Nb6 Qe8 37. Nxd7 Qe1+ 38. Kh2 Qxf2 39. Qe5+ Kh7 40.
Nf6+ 1-0

[Event "Ïåðâåíñòâî Ìîñêâû ïî øàõìàòàì 2015 ñðåäè"]
[Site "Moscow"]
[Date "2015.11.20"]
[Round "9.21"]
[White "Êóðóñü, Àðòåì."]
[Black "Ñàõèí, Ëåîíèä."]
[Result "1/2-1/2"]
[WhiteElo "1630"]
[BlackElo "1421"]
[PlyCount "58"]
[EventDate "2015.11.12"]

1. d4 e6 2. c4 d5 3. Nc3 Nf6 4. Bg5 Nbd7 5. e3 Bb4 6. a3 Bxc3+ 7. bxc3 c5 8.
cxd5 exd5 9. Bd3 Qa5 10. Ne2 c4 11. Bf5 O-O 12. O-O Re8 13. Qc2 Qa6 14. Qb1 Qc6
15. Bxf6 Nxf6 16. Ng3 b6 17. Re1 h6 18. Bc2 Bb7 19. Qd1 Rad8 20. Rb1 Qd6 21.
Nf5 Qxa3 22. Qd2 Qf8 23. Ra1 Ra8 24. Qe2 Kh8 25. Qf3 Re6 26. Nh4 Ree8 27. Nf5
Re6 28. Nh4 Ree8 29. Nf5 Re6 1/2-1/2

[Event "Ïåðâåíñòâî Ìîñêâû ïî øàõìàòàì 2015 ñðåäè"]
[Site "Moscow"]
[Date "2015.11.20"]
[Round "9.22"]
[White "Ïàâëîâ, Èâàí."]
[Black "Ìîðîçîâ, Ôåäîð."]
[Result "1/2-1/2"]
[WhiteElo "1394"]
[BlackElo "1574"]
[PlyCount "81"]
[EventDate "2015.11.12"]

1. e4 e6 2. d4 d5 3. exd5 exd5 4. Bd3 Bd6 5. Nf3 Nf6 6. O-O O-O 7. Bg5 h6 8.
Bh4 Bg4 9. h3 Bh5 10. Nbd2 Nbd7 11. c3 c6 12. Qc2 Bxf3 13. Nxf3 Qc7 14. Bxf6
Nxf6 15. Rfe1 Rfe8 16. b3 Rac8 17. Bf5 Rcd8 18. Bd3 b6 19. Rad1 Bf4 20. c4 c5
21. dxc5 Qxc5 22. Rxe8+ Nxe8 23. cxd5 Qxc2 24. Bxc2 Nf6 25. g3 Bc7 26. Kf1 Rxd5
27. Rxd5 Nxd5 28. a4 a5 29. Nd4 Ne7 30. Ke2 Kf8 31. Kf3 Ke8 32. Nf5 Nxf5 33.
Bxf5 Ke7 34. Ke4 g6 35. Bc8 Kd6 36. Ba6 f5+ 37. Kd4 Bd8 38. Bc4 Bf6+ 39. Kd3 g5
40. f4 gxf4 41. gxf4 1/2-1/2

[Event "Ïåðâåíñòâî Ìîñêâû ïî øàõìàòàì 2015 ñðåäè"]
[Site "Moscow"]
[Date "2015.11.20"]
[Round "9.23"]
[White "Ëóòàí, Ãëåá."]
[Black "Æåðäåâ, Ñâÿòîñëàâ."]
[Result "1/2-1/2"]
[WhiteElo "1320"]
[BlackElo "1519"]
[PlyCount "99"]
[EventDate "2015.11.12"]

1. d4 Nf6 2. c4 g6 3. Nc3 Bg7 4. e4 d6 5. Nf3 O-O 6. Be3 e5 7. d5 a5 8. a3 a4
9. Bd3 Bd7 10. h3 Nh5 11. g4 Nf4 12. Bxf4 exf4 13. Qc2 Na6 14. Nb5 Nc5 15. Nfd4
Re8 16. Kd2 Bxd4 17. Nxd4 Qf6 18. Qc3 Rxe4 19. Nf3 Nb3+ 20. Kd1 Qxc3 21. bxc3
Rxc4 22. Bxc4 Nxa1 23. Nd4 Nb3 24. Nxb3 axb3 25. Bxb3 Rxa3 26. Kc2 Ba4 27. Bxa4
Rxa4 28. Kd3 Ra2 29. Rh2 f3 30. g5 f6 31. h4 f5 32. Ke3 Ra3 33. Kd3 Ra5 34. c4
Ra2 35. Kc3 c6 36. dxc6 bxc6 37. Kd3 Kf7 38. Kd4 Ke6 39. c5 dxc5+ 40. Kxc5 Rc2+
41. Kd4 Kd6 42. Ke3 Rc3+ 43. Kf4 Kd5 44. h5 c5 45. hxg6 hxg6 46. Rh6 c4 47.
Rxg6 Rb3 48. Rg8 c3 49. Rd8+ Ke6 50. Rc8 1/2-1/2

[Event "Ïåðâåíñòâî Ìîñêâû ïî øàõìàòàì 2015 ñðåäè"]
[Site "Moscow"]
[Date "2015.11.20"]
[Round "9.25"]
[White "Èâàíîâ-×åðíåö, Êèðèëë."]
[Black "Ñìåëûõ, Ýäâèí."]
[Result "0-1"]
[WhiteElo "1491"]
[BlackElo "1381"]
[PlyCount "104"]
[EventDate "2015.11.12"]

1. d4 Nf6 2. Nf3 e6 3. e3 c5 4. Bd3 Nc6 5. O-O d5 6. b3 cxd4 7. exd4 h6 8. Bb2
Bd6 9. Ne5 Qb6 10. Nxc6 bxc6 11. Nd2 Ba6 12. Bxa6 Qxa6 13. c4 O-O 14. c5 Bc7
15. Nf3 Qb7 16. Ne5 a5 17. Qc2 Rfb8 18. Bc1 Bxe5 19. dxe5 Nd7 20. f4 Qb4 21.
Be3 Rb5 22. Rf2 a4 23. bxa4 Qxa4 24. g3 Qxc2 25. Rxc2 Ra3 26. Bf2 Nb8 27. Rac1
Rba5 28. Rb2 Nd7 29. Rcc2 Kh7 30. Rb7 Ra7 31. Rbb2 Kg6 32. h3 f5 33. exf6 Nxf6
34. Rb6 R7a6 35. Rcb2 Ne4 36. Rxa6 Rxa6 37. g4 Ra5 38. Rb6 Nxf2 39. Kxf2 Rxc5
40. Rb2 Ra5 41. Re2 Kf6 42. Kg3 Ra3+ 43. Kg2 c5 44. Rf2 c4 45. h4 d4 46. g5+
Kf5 47. gxh6 gxh6 48. Re2 Ra5 49. a4 Rc5 50. Kf3 c3 51. Re4 c2 52. Rxd4 c1=Q
0-1

[Event "Ïåðâåíñòâî Ìîñêâû ïî øàõìàòàì 2015 ñðåäè"]
[Site "Moscow"]
[Date "2015.11.20"]
[Round "9.27"]
[White "Íèêóëüøèí, Àëåêñåé."]
[Black "Àáäóðàèìîâ, Ýñìåò."]
[Result "0-1"]
[WhiteElo "1440"]
[BlackElo "1688"]
[PlyCount "44"]
[EventDate "2015.11.12"]

1. e4 e5 2. Nf3 d6 3. d4 exd4 4. Nxd4 Nf6 5. Nc3 Nbd7 6. Bc4 Nc5 7. f3 Be7 8.
Be3 O-O 9. O-O Re8 10. Re1 Bf8 11. Qd2 Be6 12. Nxe6 Nxe6 13. Rad1 c6 14. Qd3
Nd7 15. Qe2 b5 16. Bxe6 Rxe6 17. Rd4 a5 18. Red1 Qe8 19. Bf4 d5 20. Qf1 Bc5 21.
exd5 Bxd4+ 22. Kh1 cxd5 0-1

[Event "Ïåðâåíñòâî Ìîñêâû ïî øàõìàòàì 2015 ñðåäè"]
[Site "Moscow"]
[Date "2015.11.20"]
[Round "9.28"]
[White "Ãóáàíîâ, Òèìîôåé."]
[Black "Êóæåëåâ, Òèìóð."]
[Result "0-1"]
[WhiteElo "1418"]
[BlackElo "1594"]
[PlyCount "66"]
[EventDate "2015.11.12"]

1. d4 c5 2. d5 Nf6 3. c4 b5 4. cxb5 a6 5. bxa6 Bxa6 6. Nc3 g6 7. e4 Bxf1 8.
Kxf1 d6 9. g3 Bg7 10. Kg2 O-O 11. Nf3 Nbd7 12. Re1 Nb6 13. Qe2 Qd7 14. Nd2 Rfb8
15. Nc4 Nxc4 16. Qxc4 Rb4 17. Qd3 Ng4 18. a3 Ne5 19. Qe2 Qb7 20. axb4 Rxa1 21.
bxc5 dxc5 22. f4 Nd7 23. Qb5 Qxb5 24. Nxb5 Bxb2 25. Bd2 Ra2 26. Kg1 Bd4+ 27.
Nxd4 Rxd2 28. Nc6 Kf8 29. Ra1 c4 30. Rc1 Nb6 31. Na5 Rd4 32. e5 Rxd5 33. Rc2
Rxa5 0-1

[Event "Ïåðâåíñòâî Ìîñêâû ïî øàõìàòàì 2015 ñðåäè"]
[Site "Moscow"]
[Date "2015.11.20"]
[Round "9.29"]
[White "Ãîðíîñòàåâ, ßêîâ."]
[Black "Æóê, Êèðèëë."]
[Result "1/2-1/2"]
[WhiteElo "1452"]
[BlackElo "1351"]
[PlyCount "97"]
[EventDate "2015.11.12"]

1. d4 d5 2. c4 e6 3. e3 Nf6 4. Nc3 Be7 5. Nf3 Nbd7 6. Be2 b6 7. O-O Bb7 8. a3
c5 9. Bd2 O-O 10. Ne1 cxd4 11. exd4 dxc4 12. Bxc4 Qc7 13. Bd3 Bd6 14. h3 a6 15.
Nf3 Nd5 16. Nxd5 Bxd5 17. Rc1 Qb7 18. Ng5 h6 19. Qh5 Nf6 20. Qh4 hxg5 21. Bxg5
Be4 22. Be2 Bxg2 23. Bxf6 Bxf1 24. Rxf1 Rfc8 25. Qg5 Bf8 26. h4 Qd5 27. Qg3 Qf5
28. Be5 Qg6 29. Bg4 f5 30. Bf3 Qxg3+ 31. fxg3 Ra7 32. d5 Rc2 33. dxe6 Bc5+ 34.
Kh1 Rf2 35. Rxf2 Bxf2 36. Bd5 Kf8 37. Bd6+ Ke8 38. Bc6+ Kd8 39. e7+ Rxe7 40.
Bxe7+ Kxe7 41. Kg2 Bd4 42. b3 g6 43. Kf3 Kf6 44. g4 fxg4+ 45. Kxg4 b5 46. a4
bxa4 47. Bxa4 a5 48. h5 gxh5+ 49. Kxh5 1/2-1/2